|
|
|
|
| LEADER |
00000nas a22000005a 4500 |
| 001 |
ssj0000327 |
| 003 |
WaSeSS |
| 005 |
20200512172242.0 |
| 006 |
m d |
| 007 |
cr n |
| 008 |
851101c19859999oncer p s 0 a0eng d |
| 010 |
|
|
|a cn 87039047
|
| 015 |
|
|
|a 870390473
|2 can
|
| 016 |
7 |
|
|a 9711805
|2 DNLM
|
| 016 |
7 |
|
|a SR0091477
|2 DNLM
|
| 016 |
|
|
|a (AMICUS)000006789135
|
| 022 |
|
|
|a 1488-2329
|l 0820-3946
|y 0820-3946
|
| 032 |
|
|
|a 762530
|b USPS
|
| 035 |
|
|
|a (WaSeSS)ssj0000327
|
| 037 |
|
|
|b Canadian Medical Association, P.O. Box 8650, Ottawa, Ont. K1G 0G8
|
| 040 |
|
|
|a GSU
|b eng
|c GSU
|d NLC
|d NST
|d AGL
|d NLC
|d NST
|d NLC
|d OCL
|d NST
|d NSD
|d NYG
|d NST
|d EBZ
|d COO
|d NLC
|d WAU
|d NLM
|d CUS
|d OCL
|d OCLCQ
|d CUS
|d CDS
|d PIT
|d UQ1
|d CUV
|d CLU
|d OCLCQ
|d BUF
|d CUS
|d OCLCF
|d OCLCO
|d EUW
|d OCLCO
|d OCLCQ
|d OCLCO
|d VT2
|d OCLCO
|d OCLCA
|d OCLCQ
|d NLM
|d OCLCA
|d WaSeSS
|
| 041 |
0 |
|
|a eng
|a fre
|
| 042 |
|
|
|a nlc
|a isds/c
|a nsdp
|
| 043 |
|
|
|a n-cn---
|
| 050 |
1 |
4 |
|a R11
|
| 055 |
0 |
1 |
|a R11
|
| 060 |
0 |
0 |
|a W1
|b CA624R
|
| 070 |
0 |
|
|a R11.C3
|
| 072 |
|
0 |
|a X380
|
| 082 |
0 |
4 |
|a 610/.971
|2 19
|
| 210 |
0 |
|
|a CMAJ, Can. Med. Assoc. j.
|
| 222 |
|
0 |
|a CMAJ. Canadian Medical Association journal
|
| 245 |
0 |
0 |
|a CMAJ
|h [electronic resource] :
|b Canadian Medical Association journal = Journal de l'Association medicale canadienne.
|
| 246 |
1 |
8 |
|a Canadian Medical Association journal
|
| 246 |
1 |
8 |
|a Journal de l'Association medicale canadienne
|
| 246 |
1 |
3 |
|a CMAJ JAMC
|
| 260 |
|
|
|a [Ottawa] :
|b Association = L'Association,
|c [1985]-
|
| 310 |
|
|
|a Weekly,
|b 2016-
|
| 321 |
|
|
|a Irregular,
|b -2016
|
| 362 |
0 |
|
|a Vol. 133, no. 5 (Sept. 1, 1985)-
|
| 500 |
|
|
|a Title from cover.
|
| 500 |
|
|
|a Cumulative indexes published separately.
|
| 506 |
|
|
|a License restrictions may limit access.
|
| 525 |
|
|
|a Supplements accompany some numbers.
|
| 546 |
|
|
|a Includes some text in French.
|
| 588 |
|
|
|a Latest issue consulted: Vol. 178, no. 4 (12 fév. 2008).
|
| 650 |
|
0 |
|a Medicine
|z Canada
|v Periodicals.
|
| 650 |
|
0 |
|a Medicine
|v Periodicals.
|
| 650 |
|
2 |
|a Medicine.
|
| 650 |
|
6 |
|a Médecine
|z Canada.
|v Périodiques.
|
| 650 |
|
6 |
|a Médecine
|v Périodiques.
|
| 650 |
|
7 |
|a Medicine.
|2 fast
|0 (OCoLC)fst01014893
|
| 650 |
|
7 |
|a Médecine.
|2 rasuqam
|
| 651 |
|
7 |
|a Canada.
|2 fast
|0 (OCoLC)fst01204310
|
| 651 |
|
7 |
|a Canada.
|2 rasuqam
|
| 655 |
|
0 |
|a Electronic journals.
|
| 710 |
2 |
|
|a Canadian Medical Association.
|
| 780 |
0 |
0 |
|a Canadian Medical Association.
|t Canadian Medical Association journal
|x 0008-4409
|w (DLC)cn 76300375
|w (OCoLC)1553185
|
| 850 |
|
|
|a CU-AM
|a CU-SM
|a CaNBFU
|a CaOONL
|a DNAL
|a DNLM
|a DeU
|a GASU
|a KMK
|a LU
|a MiDW-M
|a MiEM
|a N
|a NBC
|a NIC
|a NjR
|a OrCS
|a PU-Med
|a TxCM
|a TxHMC
|a Wa
|a WaU
|
| 853 |
2 |
0 |
|8 1
|a v.
|b no.
|u 12
|v r
|i (year)
|j (month)
|k (day)
|w e
|x 01,07
|y pw01tu,03tu
|
| 856 |
4 |
0 |
|z Full text available from Research Library: 01/01/1997 to present
|u https://search.proquest.com/publication/41339
|
| 863 |
4 |
1 |
|8 1.1
|a <170 >
|b <1 >
|i <2004 >
|j <01 >
|k <06 >
|